[Event "CAN-ch U10 Online"]
[Site "chess.com"]
[Date "2020.11.08"]
[Round "3.24"]
[White "Yang, Nathan"]
[Black "Chen, Yiming"]
[Result "1-0"]
[WhiteElo "1090"]
[BlackElo "656"]
[PlyCount "105"]
[EventDate "2020.11.08"]
[EventType "swiss (rapid)"]
[EventRounds "6"]
[EventCountry "CAN"]

1. d4 e6 2. Bf4 d5 3. Nf3 Nf6 4. e3 Nc6 5. Bd3 Bd6 6. Bg3 O-O 7. c3 Re8 8. Qc2
e5 9. dxe5 Nxe5 10. Nxe5 Bxe5 11. Bxe5 Rxe5 12. Nd2 Qe8 13. Nf3 Re7 14. O-O Ne4
15. Bxe4 dxe4 16. Nd4 c5 17. Ne2 Bg4 18. Ng3 Rd8 19. h3 Bd7 20. Rfd1 Bc6 21.
Rxd8 Qxd8 22. Rd1 Qe8 23. Nf5 Re5 24. Nd6 Qe6 25. Qb3 Rd5 26. Nc4 Bb5 27. Rxd5
Qxd5 28. Qxb5 h6 29. Qb3 a6 30. Na5 c4 31. Nxc4 b5 32. Na3 Qd2 33. Qc2 Qd3 34.
Qxd3 exd3 35. Nb1 a5 36. Kf1 b4 37. cxb4 axb4 38. Ke1 d2+ 39. Kxd2 Kh7 40. a3
bxa3 41. bxa3 g6 42. a4 Kg7 43. a5 Kh7 44. a6 Kg7 45. a7 f6 46. a8=Q Kf7 47.
Qb7+ Ke8 48. Qh7 g5 49. Kd3 h5 50. Ke4 f5+ 51. Kxf5 g4 52. Ke6 Kd8 53. Qd7# 1-0

[Event "CAN-ch U10 Online"]
[Site "chess.com"]
[Date "2020.11.08"]
[Round "3.25"]
[White "Wang, Patrick Yu"]
[Black "Liu, Zachary"]
[Result "0-1"]
[WhiteElo "599"]
[BlackElo "1017"]
[PlyCount "144"]
[EventDate "2020.11.08"]
[EventType "swiss (rapid)"]
[EventRounds "6"]
[EventCountry "CAN"]

1. e4 c5 2. Nf3 Nc6 3. d3 e6 4. Nc3 Nf6 5. Bg5 Be7 6. Bxf6 Bxf6 7. g3 O-O 8.
Bg2 Qa5 9. Qd2 Bxc3 10. Qxc3 Qxc3+ 11. bxc3 d5 12. exd5 exd5 13. d4 cxd4 14.
cxd4 Nb4 15. O-O Nxc2 16. Rac1 Nb4 17. Ne5 Nxa2 18. Rc7 f6 19. Ng6 hxg6 20.
Bxd5+ Kh7 21. Bxa2 Bh3 22. Re1 Rfe8 23. Ree7 Rxe7 24. Rxe7 Rc8 25. f4 Rc1+ 26.
Kf2 Rf1+ 27. Ke2 Rh1 28. Be6 Rxh2+ 29. Ke3 Rh1 30. Ke4 Re1+ 31. Kd5 Bg2+ 32.
Kd6 Rc1 33. Bd7 Rc4 34. d5 b6 35. Ke6 Re4+ 36. Kd6 Rxe7 37. Kxe7 Bxd5 38. Bb5
a5 39. Kd7 Bb3 40. Kc6 a4 41. Bxa4 Bxa4+ 42. Kxb6 Bd1 43. Kc6 Kh6 44. Kd5 g5
45. Ke4 Bc2+ 46. Kf3 gxf4 47. Kxf4 Kg6 48. Kg4 Bd1+ 49. Kf4 Kh5 50. Kf5 Bc2+
51. Kf4 g5+ 52. Kf3 Bd1+ 53. Kg2 Kg4 54. Kh2 Bf3 55. Kg1 Kxg3 56. Kf1 Be2+ 57.
Kg1 Bf1 58. Kxf1 Kh2 59. Kf2 g4 60. Kf1 g3 61. Ke2 g2 62. Kf2 g1=Q+ 63. Kf3 Qe1
64. Kf4 Kh3 65. Kf5 Qe5+ 66. Kg6 f5 67. Kf7 Qc7+ 68. Ke8 f4 69. Kf8 f3 70. Ke8
f2 71. Kf8 f1=Q+ 72. Ke8 Qff7# 0-1

[Event "CAN-ch U10 Online"]
[Site "chess.com"]
[Date "2020.11.08"]
[Round "3.27"]
[White "Liang, Henry"]
[Black "Li, Anthony"]
[Result "0-1"]
[WhiteElo "456"]
[BlackElo "798"]
[PlyCount "62"]
[EventDate "2020.11.08"]
[EventType "swiss (rapid)"]
[EventRounds "6"]
[EventCountry "CAN"]

1. e4 e6 2. Nf3 d5 3. Nc3 c5 4. exd5 exd5 5. Bb5+ Nc6 6. d4 Qe7+ 7. Be3 cxd4 8.
Nxd4 Qd6 9. O-O a6 10. Bd3 g6 11. Nxc6 bxc6 12. Be2 Bg7 13. Ne4 Qd8 14. Ng5 d4
15. Bf4 Nf6 16. Bf3 O-O 17. Bxc6 Ra7 18. c3 Nd5 19. cxd4 Nxf4 20. g3 Qxg5 21.
f3 Nh3+ 22. Kg2 Qd8 23. g4 Nf4+ 24. Kg3 Qd6 25. Kf2 Bxd4+ 26. Kg3 Ne6+ 27. f4
Qxc6 28. f5 Qd6+ 29. Rf4 Qxf4+ 30. Kh4 g5+ 31. Kh5 Qxh2# 0-1

[Event "CAN-ch U10 Online"]
[Site "chess.com"]
[Date "2020.11.08"]
[Round "4.1"]
[White "Wu, Jonathan"]
[Black "Jiang, William"]
[Result "1-0"]
[WhiteElo "1895"]
[BlackElo "1122"]
[PlyCount "97"]
[EventDate "2020.11.08"]
[EventType "swiss (rapid)"]
[EventRounds "6"]
[EventCountry "CAN"]

1. d4 f5 2. Bf4 Nf6 3. Nf3 e6 4. e3 Be7 5. Be2 O-O 6. c4 d6 7. Nc3 Qe8 8. O-O
Nbd7 9. Nb5 Bd8 10. h3 e5 11. Bh2 a6 12. Nc3 Nh5 13. Nxe5 dxe5 14. Bxh5 Qe6 15.
d5 Qh6 16. Be2 f4 17. exf4 exf4 18. Re1 Nf6 19. Qd2 Nd7 20. Bf3 Nc5 21. b4 Nd7
22. Re6 Qg5 23. Ne2 Ne5 24. Rxe5 Qxe5 25. Re1 Qf5 26. Bxf4 Qg6 27. Ng3 Bf5 28.
Bh5 Qf6 29. Be5 Qg5 30. Bf4 Qf6 31. Ne4 Bxe4 32. Rxe4 Qf5 33. Qe2 Bg5 34. Bg4
Qf6 35. Be5 Qg6 36. Be6+ Kh8 37. Bxc7 Bd2 38. Rg4 Qb1+ 39. Kh2 Qxb4 40. Rh4 Qb2
41. Qe4 Bh6 42. Rxh6 gxh6 43. Be5+ Rf6 44. Bxb2 Raf8 45. Qe5 Kg7 46. Qc7+ Kg6
47. Bxf6 Rxf6 48. Qg3+ Kh5 49. Qg4# 1-0

[Event "CAN-ch U10 Online"]
[Site "chess.com"]
[Date "2020.11.08"]
[Round "4.3"]
[White "Gao, Justin"]
[Black "Qian, Eric"]
[Result "1-0"]
[WhiteElo "1243"]
[BlackElo "1624"]
[PlyCount "117"]
[EventDate "2020.11.08"]
[EventType "swiss (rapid)"]
[EventRounds "6"]
[EventCountry "CAN"]

1. e4 c5 2. Nf3 d6 3. d4 cxd4 4. Nxd4 Nf6 5. Nc3 a6 6. Be3 e5 7. Nf3 Be7 8. Bc4
O-O 9. O-O Be6 10. Bd5 Bxd5 11. Nxd5 Nxe4 12. Bb6 Qd7 13. Nc7 Nc6 14. Nxa8 Rxa8
15. Qd3 f5 16. Rad1 Rc8 17. c3 Kh8 18. Qd5 Nf6 19. Qb3 Qe8 20. Qe6 g6 21. Rxd6
Kg7 22. Rdd1 e4 23. Ng5 Nb8 24. Bd4 Nbd7 25. Qxd7 Qxd7 26. Bxf6+ Kxf6 27. Rxd7
Re8 28. f4 h6 29. Nh3 Bc5+ 30. Kh1 e3 31. Re1 g5 32. b4 Bf8 33. Rd3 g4 34. Ng1
Re4 35. Rdxe3 Rxf4 36. g3 Rc4 37. Ne2 Bd6 38. Nd4 Bb8 39. Rf1 f4 40. Re6+ Kg5
41. gxf4+ Bxf4 42. Re4 Rxc3 43. Rexf4 Ra3 44. Ne6+ Kg6 45. Rxg4+ Kh5 46. h3
Rxh3+ 47. Kg2 Kxg4 48. Rf4+ Kh5 49. Kxh3 a5 50. bxa5 Kg6 51. Nd8 h5 52. Nxb7 h4
53. Nd6 Kh6 54. a6 Kg5 55. Rf5+ Kg6 56. a7 Kg7 57. a8=Q Kg6 58. Qg8+ Kh6 59.
Nf7# 1-0

[Event "CAN-ch U10 Online"]
[Site "chess.com"]
[Date "2020.11.08"]
[Round "4.7"]
[White "Chen, Zhengyu"]
[Black "Ming, Jerry"]
[Result "1-0"]
[WhiteElo "1161"]
[BlackElo "1511"]
[PlyCount "89"]
[EventDate "2020.11.08"]
[EventType "swiss (rapid)"]
[EventRounds "6"]
[EventCountry "CAN"]

1. c4 e5 2. Nc3 Nf6 3. g3 Bc5 4. Bg2 Nc6 5. e3 d6 6. Nge2 O-O 7. O-O Bf5 8. d4
exd4 9. exd4 Bb6 10. a3 a5 11. Be3 Re8 12. Qd2 Ng4 13. h3 Nxe3 14. fxe3 Bg6 15.
Nf4 Qg5 16. Kh2 Rad8 17. h4 Qh6 18. Rf2 Rd7 19. Raf1 Rde7 20. Ncd5 Rd7 21. Bh3
Rdd8 22. Nxg6 Qxg6 23. Bf5 Qh6 24. Bb1 f6 25. Ba2 Kh8 26. Qd3 Qg6 27. Rf5 Ne7
28. Nxe7 Rxe7 29. Qd2 Rde8 30. R1f3 h6 31. Bb1 Qf7 32. Qd3 Re4 33. R5f4 d5 34.
cxd5 f5 35. Rxf5 Qg6 36. Rf8+ Kh7 37. Rxe8 Qxe8 38. Qxe4+ Qxe4 39. Bxe4+ g6 40.
Rf7+ Kg8 41. Bxg6 c6 42. Kh3 cxd5 43. Kg4 Bd8 44. Kh5 b5 45. Kxh6 1-0

[Event "CAN-ch U10 Online"]
[Site "chess.com"]
[Date "2020.11.08"]
[Round "4.10"]
[White "Mok, Erwin Jun-Han"]
[Black "Georgescu-Nicolau, Luca"]
[Result "0-1"]
[WhiteElo "1118"]
[BlackElo "1437"]
[PlyCount "84"]
[EventDate "2020.11.08"]
[EventType "swiss (rapid)"]
[EventRounds "6"]
[EventCountry "CAN"]

1. d4 d5 2. c4 e6 3. Nc3 Nf6 4. Nf3 Be7 5. Bg5 O-O 6. e3 h6 7. Bh4 b6 8. cxd5
Nxd5 9. Nxd5 Bxh4 10. Nxh4 Qxd5 11. Nf3 Nd7 12. Be2 c5 13. O-O Bb7 14. Ne1 Qd6
15. dxc5 Qxd1 16. Rxd1 Nxc5 17. Nd3 Nxd3 18. Rxd3 Ba6 19. Rd2 Bxe2 20. Rxe2
Rfd8 21. Rc2 Rac8 22. Re2 Rc7 23. h3 Kf8 24. Ree1 Rc2 25. Rb1 Rdd2 26. Rfc1
Rxf2 27. Rxc2 Rxc2 28. Kf1 Ke7 29. a3 Kf6 30. b3 a5 31. a4 g6 32. Rd1 Rc3 33.
Rd6 Rxb3 34. Kf2 h5 35. Rd4 b5 36. axb5 Rxb5 37. Ra4 Ke7 38. Kf3 Kd6 39. Ke2
Kc6 40. Kd3 Rd5+ 41. Ke2 Kb5 42. g4 Kxa4 0-1

[Event "CAN-ch U10 Online"]
[Site "chess.com"]
[Date "2020.11.08"]
[Round "4.16"]
[White "Low, Ethan Jun"]
[Black "Xing, Percy"]
[Result "0-1"]
[WhiteElo "932"]
[BlackElo "1274"]
[PlyCount "62"]
[EventDate "2020.11.08"]
[EventType "swiss (rapid)"]
[EventRounds "6"]
[EventCountry "CAN"]

1. b3 d5 2. Bb2 Nc6 3. e3 Bf5 4. Bb5 e6 5. Nf3 Nge7 6. d4 a6 7. Be2 g6 8. Nbd2
Nb4 9. e4 dxe4 10. a3 exf3 11. axb4 fxe2 12. Kxe2 Nd5 13. c4 Nf4+ 14. Kf1 Bd3+
15. Kg1 Ne2+ 16. Qxe2 Bxe2 17. d5 Rg8 18. Re1 Bd3 19. dxe6 Qe7 20. exf7+ Kxf7
21. Rxe7+ Bxe7 22. Bc3 Rge8 23. h3 Bd6 24. g3 Re1+ 25. Kh2 Rxh1+ 26. Kxh1 Re8
27. Kg2 Be4+ 28. f3 Bd3 29. h4 Re2+ 30. Kh3 Bf5+ 31. g4 Rh2# 0-1

[Event "CAN-ch U10 Online"]
[Site "chess.com"]
[Date "2020.11.08"]
[Round "4.18"]
[White "Li, Anthony"]
[Black "Ajirh, Aarush"]
[Result "0-1"]
[WhiteElo "798"]
[BlackElo "1562"]
[PlyCount "74"]
[EventDate "2020.11.08"]
[EventType "swiss (rapid)"]
[EventRounds "6"]
[EventCountry "CAN"]

1. e4 c5 2. Nf3 d6 3. d4 cxd4 4. Nxd4 Nf6 5. Nc3 a6 6. b3 e5 7. Nf3 h6 8. Bb2
Be6 9. Be2 Be7 10. Qd2 O-O 11. h3 Nc6 12. O-O-O Rc8 13. Rdg1 b5 14. g4 b4 15.
Nd5 Nxe4 16. Nxe7+ Qxe7 17. Qe3 Nf6 18. g5 Nd5 19. Qd2 h5 20. Bxa6 Ra8 21. Bc4
Nf4 22. Bxe6 Nxe6 23. Kb1 Qa7 24. g6 Qxa2+ 25. Kc1 Rac8 26. gxf7+ Rxf7 27. Rg6
Na5 28. Qxb4 Nxb3+ 29. Kd1 Qb1+ 30. Ke2 Rxc2+ 31. Ke3 Qxh1 32. Qb8+ Nf8 33.
Rxg7+ Kxg7 34. Bxe5+ Kg8 35. Qxb3 Qxf3+ 36. Kd4 dxe5+ 37. Kxe5 Qxb3 0-1

[Event "CAN-ch U10 Online"]
[Site "chess.com"]
[Date "2020.11.08"]
[Round "4.20"]
[White "Wang, Haoze (Dennis)"]
[Black "Yang, Nathan"]
[Result "1-0"]
[WhiteElo "746"]
[BlackElo "1090"]
[PlyCount "131"]
[EventDate "2020.11.08"]
[EventType "swiss (rapid)"]
[EventRounds "6"]
[EventCountry "CAN"]

1. e4 c5 2. Nf3 Nc6 3. Nc3 e6 4. Be2 d6 5. O-O Nf6 6. d4 cxd4 7. Nxd4 Nxd4 8.
Qxd4 e5 9. Qd1 Be6 10. Bb5+ Bd7 11. Bxd7+ Qxd7 12. Re1 Be7 13. Nd5 Nxd5 14.
exd5 h6 15. Be3 O-O 16. Qd3 f5 17. a4 e4 18. Qb5 Qxb5 19. axb5 b6 20. c3 f4 21.
Bd2 f3 22. g3 Bf6 23. Rxe4 Rae8 24. Rxe8 Rxe8 25. Re1 Rxe1+ 26. Bxe1 Bg5 27. h4
Bc1 28. b3 Kf7 29. Kh2 g5 30. hxg5 Bxg5 31. g4 Kf6 32. Kg3 Ke5 33. Kxf3 Kxd5
34. Ke2 Ke4 35. f3+ Ke5 36. Bd2 Bxd2 37. Kxd2 Kf4 38. Ke2 d5 39. Kf2 Ke5 40.
Ke3 Ke6 41. f4 Kd6 42. g5 hxg5 43. fxg5 Ke5 44. g6 Kf6 45. g7 Kxg7 46. Kd4 Kf6
47. Kxd5 Ke7 48. Kc6 Ke6 49. Kb7 Kd5 50. Kxa7 Kc5 51. b4+ Kxb5 52. Kb7 Kc4 53.
Kxb6 Kxc3 54. b5 Kd4 55. Ka7 Kd5 56. b6 Kc6 57. b7 Kb5 58. b8=Q+ Ka5 59. Qe5+
Ka4 60. Qb8 Ka3 61. Qb5 Ka2 62. Kb6 Ka3 63. Kc5 Ka2 64. Kc4 Ka1 65. Kc3 Ka2 66.
Qb2# 1-0

[Event "CAN-ch U10 Online"]
[Site "chess.com"]
[Date "2020.11.08"]
[Round "4.22"]
[White "Zong, Ivan"]
[Black "Su, Jayden"]
[Result "0-1"]
[WhiteElo "715"]
[BlackElo "929"]
[PlyCount "108"]
[EventDate "2020.11.08"]
[EventType "swiss (rapid)"]
[EventRounds "6"]
[EventCountry "CAN"]

1. e4 e6 2. d4 d5 3. exd5 exd5 4. Nc3 Nc6 5. Nf3 Be6 6. Bd3 Bd6 7. Be3 Nge7 8.
O-O Qd7 9. Bb5 a6 10. Ba4 b5 11. Bb3 O-O 12. a4 b4 13. Na2 a5 14. c3 bxc3 15.
Nxc3 Rab8 16. Bc2 Rxb2 17. Rb1 Rxb1 18. Qxb1 Rb8 19. Bxh7+ Kh8 20. Qd3 g6 21.
Ng5 f6 22. Nxe6 Qxe6 23. Bxg6 Nb4 24. Qb1 f5 25. Bh5 f4 26. Bd2 Nbc6 27. Qd3
Rb2 28. Rb1 Nb4 29. Re1 Nxd3 30. Rxe6 Rxd2 31. h4 Rxf2 32. Nd1 Rd2 33. Kh2 Nc6
34. Kh3 Nxd4 35. Rh6+ Kg7 36. Rg6+ Kh7 37. Rf6 f3 38. Bg6+ Kg7 39. Rf7+ Kxg6
40. Rd7 Rxd1 41. gxf3 Ne5 42. f4 Nxd7 43. f5+ Kxf5 44. Kg2 c5 45. Kf2 c4 46. h5
c3 47. Ke3 c2 48. Kf2 c1=N 49. h6 Be5 50. h7 Kf4 51. h8=Q Bxh8 52. Kg2 Rd2+ 53.
Kh3 Ra2 54. Kh4 Rh2# 0-1

[Event "CAN-ch U10 Online"]
[Site "chess.com"]
[Date "2020.11.08"]
[Round "4.24"]
[White "Hou, Nathan"]
[Black "Lee, Daniel"]
[Result "1-0"]
[WhiteElo "248"]
[BlackElo "833"]
[PlyCount "87"]
[EventDate "2020.11.08"]
[EventType "swiss (rapid)"]
[EventRounds "6"]
[EventCountry "CAN"]

1. e4 e5 2. Nf3 Nc6 3. Bc4 Nf6 4. Ng5 d5 5. exd5 Na5 6. b3 Nxc4 7. bxc4 h6 8.
Nf3 Bc5 9. h3 Bf5 10. O-O O-O 11. Nc3 Re8 12. d3 e4 13. dxe4 Nxe4 14. Nxe4 Bxe4
15. Be3 Bd6 16. Re1 c5 17. Qd2 Qf6 18. Qe2 Qg6 19. Rab1 b6 20. Rb2 Re7 21. Reb1
Be5 22. Rb3 Bxc2 23. Nxe5 Rxe5 24. R1b2 Bxb3 25. Rxb3 Rae8 26. a4 f5 27. f4 Re4
28. Qf3 Rxc4 29. h4 Qg4 30. Qxg4 fxg4 31. Kf2 Rxa4 32. Kg3 h5 33. d6 Rb4 34. d7
Rd8 35. Rd3 c4 36. Rd4 Kf7 37. f5 Rb3 38. Kf2 g3+ 39. Ke2 Ke7 40. Bg5+ Kf8 41.
Bxd8 c3 42. Be7+ Kxe7 43. d8=Q+ Kf7 44. Rd7# 1-0

[Event "CAN-ch U10 Online"]
[Site "chess.com"]
[Date "2020.11.08"]
[Round "5.2"]
[White "Chen, Vincent"]
[Black "Gao, Justin"]
[Result "0-1"]
[WhiteElo "1336"]
[BlackElo "1243"]
[PlyCount "82"]
[EventDate "2020.11.08"]
[EventType "swiss (rapid)"]
[EventRounds "6"]
[EventCountry "CAN"]

1. e4 e5 2. Nc3 Nf6 3. d4 exd4 4. Qxd4 Nc6 5. Qa4 Bc5 6. h3 O-O 7. Nf3 Re8 8.
Bd3 d5 9. O-O d4 10. Ne2 Nxe4 11. Bxe4 Rxe4 12. Ng3 Re8 13. Bg5 Qd5 14. Rae1
Bxh3 15. Nh4 Qxg5 16. Nf3 Qd5 17. gxh3 Qxf3 18. Qb3 Qxb3 19. Rxe8+ Rxe8 20.
cxb3 d3 21. Rd1 Rd8 22. Ne4 Be7 23. Kg2 Bf6 24. Rd2 Rd4 25. Nc5 Ne5 26. Nxb7
Bg5 27. Rd1 d2 28. Nc5 Nd3 29. Na4 Rxa4 30. bxa4 Nxb2 31. Rb1 d1=Q 32. Rxb2
Qd5+ 33. f3 f6 34. Re2 Bh4 35. Rc2 Qd3 36. Rxc7 Qe2+ 37. Kh1 Qxf3+ 38. Kg1 Bf2+
39. Kf1 Bg3+ 40. Kg1 Qf2+ 41. Kh1 Qh2# 0-1

[Event "CAN-ch U10 Online"]
[Site "chess.com"]
[Date "2020.11.08"]
[Round "5.4"]
[White "Jiang, William"]
[Black "Marchand, Calix"]
[Result "0-1"]
[WhiteElo "1122"]
[BlackElo "1440"]
[PlyCount "78"]
[EventDate "2020.11.08"]
[EventType "swiss (rapid)"]
[EventRounds "6"]
[EventCountry "CAN"]

1. e4 e5 2. Nf3 Nc6 3. Bc4 Bc5 4. O-O Nf6 5. d4 Nxd4 6. Nxe5 O-O 7. Bg5 d6 8.
Nf3 Bg4 9. Nbd2 h6 10. Bh4 c6 11. c3 Nxf3+ 12. Nxf3 Re8 13. Qd3 Bxf3 14. Qxf3
d5 15. e5 Rxe5 16. Bb3 Re8 17. Rae1 Qd6 18. Bg3 Qd7 19. Be5 Ne4 20. Bf4 Nxf2
21. Be3 Bxe3 22. Rxe3 Rxe3 23. Qxe3 Ng4 24. Qd2 Qd6 25. g3 Qc5+ 26. Kh1 Qe3 27.
Qc2 Qe5 28. Qd2 Qe4+ 29. Kg1 Qe3+ 30. Qxe3 Nxe3 31. Re1 Ng4 32. Re7 Rb8 33. h3
Nf6 34. Kf2 Ne4+ 35. Kf3 Kf8 36. Rc7 Nc5 37. Bc2 Ne6 38. Rd7 Ke8 39. Rd6 Ke7
0-1

[Event "CAN-ch U10 Online"]
[Site "chess.com"]
[Date "2020.11.08"]
[Round "5.6"]
[White "Deshpande, Sarthak"]
[Black "Chen, Zhengyu"]
[Result "1-0"]
[WhiteElo "1265"]
[BlackElo "1161"]
[PlyCount "71"]
[EventDate "2020.11.08"]
[EventType "swiss (rapid)"]
[EventRounds "6"]
[EventCountry "CAN"]

1. e4 d6 2. d4 Nf6 3. Nc3 g6 4. f4 Bg7 5. Nf3 O-O 6. h3 d5 7. e5 Ne8 8. Bd3 Bf5
9. Bxf5 gxf5 10. Bd2 e6 11. Qe2 Nd7 12. O-O-O c6 13. g4 b5 14. Qg2 a5 15. h4 a4
16. h5 b4 17. Ne2 b3 18. a3 bxc2 19. Kxc2 Qb6 20. gxf5 Qb3+ 21. Kc1 Rb8 22. Bc3
Kh8 23. h6 Bxe5 24. fxe5 Nb6 25. Nd2 Qb5 26. Rdg1 Nc4 27. Nxc4 Qxc4 28. Nf4 Rb3
29. Qd2 Nc7 30. Qg2 Ne8 31. Nh5 Rxc3+ 32. Kb1 Qd3+ 33. Ka1 Rc2 34. Qg7+ Nxg7
35. hxg7+ Kg8 36. Nf6# 1-0

[Event "CAN-ch U10 Online"]
[Site "chess.com"]
[Date "2020.11.08"]
[Round "5.10"]
[White "Jaiman, Panshul Mishra"]
[Black "Zuo, Roger"]
[Result "0-1"]
[WhiteElo "894"]
[BlackElo "1530"]
[PlyCount "128"]
[EventDate "2020.11.08"]
[EventType "swiss (rapid)"]
[EventRounds "6"]
[EventCountry "CAN"]

1. e4 e5 2. Nf3 Nf6 3. Nxe5 d6 4. Nf3 Nxe4 5. Qe2 Qe7 6. d3 Nf6 7. Qxe7+ Bxe7
8. Be2 Nc6 9. c3 d5 10. Bf4 Bd6 11. Bxd6 cxd6 12. O-O O-O 13. Nbd2 Bf5 14. Nh4
Be6 15. Bf3 g5 16. Nf5 Bxf5 17. d4 Bg4 18. Bxg4 Nxg4 19. h3 Nf6 20. f4 gxf4 21.
Rxf4 Nd7 22. Rg4+ Kh8 23. Rh4 Ne7 24. Rf1 Ng6 25. Rh5 Nb6 26. Rf6 Rad8 27. Nf3
Kg7 28. Rff5 f6 29. Nh4 Nxh4 30. Rxh4 Rde8 31. Rfh5 Rh8 32. Rg4+ Kf8 33. Rf5
Re4 34. Rxf6+ Ke7 35. Rxe4+ dxe4 36. Rf4 d5 37. Kf2 Rf8 38. Rxf8 Kxf8 39. Ke3
Kf7 40. Kf4 Kf6 41. g4 h6 42. h4 Nc4 43. b3 Nb6 44. a3 a5 45. a4 Kg6 46. c4
dxc4 47. bxc4 Nxc4 48. Kxe4 Nb6 49. d5 Nxa4 50. d6 Nc5+ 51. Kd5 b6 52. Kc6 a4
53. Kxb6 Nd7+ 54. Kc7 Nf6 55. h5+ Kg5 56. d7 Nxd7 57. Kxd7 a3 58. Ke6 a2 59.
Kf7 a1=Q 60. Kg8 Qa7 61. Kh8 Kf6 62. g5+ hxg5 63. h6 Kg6 64. Kg8 Qa8# 0-1

[Event "CAN-ch U10 Online"]
[Site "chess.com"]
[Date "2020.11.08"]
[Round "5.14"]
[White "Ajirh, Aarush"]
[Black "Liu, Zachary"]
[Result "0-1"]
[WhiteElo "1562"]
[BlackElo "1017"]
[PlyCount "80"]
[EventDate "2020.11.08"]
[EventType "swiss (rapid)"]
[EventRounds "6"]
[EventCountry "CAN"]

1. d4 Nf6 2. Bf4 d5 3. e3 c5 4. c3 Nc6 5. Bd3 e6 6. Nf3 Bd6 7. Bg3 O-O 8. Nbd2
Re8 9. Ne5 Qc7 10. Ndf3 h6 11. O-O Bd7 12. Nxd7 Qxd7 13. Ne5 Qc7 14. Nxc6 Qxc6
15. a4 c4 16. Bc2 Bxg3 17. fxg3 a5 18. Qf3 e5 19. dxe5 Rxe5 20. Rad1 Qb6 21.
Rd4 Qxb2 22. Bb1 Qxc3 23. Rdd1 Qxe3+ 24. Qxe3 Rxe3 25. Rfe1 Rae8 26. Rxe3 Rxe3
27. Kf2 Ra3 28. Rd2 Rxa4 29. Re2 Rb4 30. Bc2 d4 31. Bf5 g6 32. Bh3 d3 33. Re1
d2 34. Rd1 c3 35. Ke2 c2 36. Rxd2 c1=Q 37. Rd8+ Kg7 38. Rd1 Rb2+ 39. Ke1 Qe3+
40. Kf1 Qf2# 0-1

[Event "CAN-ch U10 Online"]
[Site "chess.com"]
[Date "2020.11.08"]
[Round "5.15"]
[White "Ming, Jerry"]
[Black "Wang, Haoze (Dennis)"]
[Result "1-0"]
[WhiteElo "1511"]
[BlackElo "746"]
[PlyCount "129"]
[EventDate "2020.11.08"]
[EventType "swiss (rapid)"]
[EventRounds "6"]
[EventCountry "CAN"]

1. e4 e5 2. Nf3 Nc6 3. Bc4 Bc5 4. c3 Nf6 5. d3 O-O 6. O-O Re8 7. Re1 d6 8. Nbd2
Be6 9. Bb3 d5 10. exd5 Bxd5 11. Bxd5 Nxd5 12. Nf1 Nf6 13. Ng3 e4 14. Nxe4 Nxe4
15. dxe4 Qxd1 16. Rxd1 Rxe4 17. Bd2 Ne5 18. Nxe5 Rxe5 19. Re1 Rae8 20. Rxe5
Rxe5 21. Re1 Rxe1+ 22. Bxe1 f6 23. g3 Kf7 24. Kg2 Ke6 25. Bd2 c6 26. f4 f5 27.
Kf3 Kd5 28. Be3 Bxe3 29. Kxe3 Kc4 30. Kd2 g6 31. b3+ Kd5 32. Kd3 Kc5 33. b4+
Kb5 34. Kd4 a5 35. bxa5 Kxa5 36. Kc5 Ka4 37. Kb6 Ka3 38. Kxb7 Kxa2 39. Kxc6 Kb3
40. Kd6 Kxc3 41. Ke6 Kd3 42. Kf7 Ke3 43. Kg7 Kf3 44. Kxh7 Kg2 45. Kxg6 Kxh2 46.
Kxf5 Kxg3 47. Kg5 Kf3 48. f5 Ke4 49. f6 Kd5 50. f7 Ke6 51. f8=Q Kd5 52. Qe7 Kd4
53. Qe6 Kd3 54. Qe5 Kd2 55. Kf4 Kd3 56. Qe4+ Kd2 57. Qe3+ Kc2 58. Ke4 Kb2 59.
Kd4 Kc2 60. Qd3+ Kb2 61. Kc4 Ka2 62. Kb4 Kb2 63. Qe2+ Ka1 64. Kb3 Kb1 65. Qb2#
1-0

[Event "CAN-ch U10 Online"]
[Site "chess.com"]
[Date "2020.11.08"]
[Round "5.20"]
[White "Liu, Henry (Haichen)"]
[Black "Low, Ethan Jun"]
[Result "0-1"]
[WhiteElo "826"]
[BlackElo "932"]
[PlyCount "52"]
[EventDate "2020.11.08"]
[EventType "swiss (rapid)"]
[EventRounds "6"]
[EventCountry "CAN"]

1. e4 c5 2. Nf3 Nc6 3. c3 g6 4. d4 cxd4 5. Nxd4 Bg7 6. Nf3 d6 7. Bb5 Bd7 8.
Nbd2 Nf6 9. h3 O-O 10. g4 Ne5 11. Bxd7 Nexd7 12. Nf1 Nxe4 13. Qe2 Nef6 14. Ng3
Nc5 15. Bd2 Re8 16. O-O Qb6 17. b4 Ncd7 18. Be3 Qc6 19. Rac1 a6 20. Rfd1 b5 21.
a3 Rac8 22. Rd2 Nb6 23. Rdc2 Nc4 24. Ra2 d5 25. Bd4 h6 26. Rac2 Nd7 0-1

[Event "CAN-ch U10 Online"]
[Site "chess.com"]
[Date "2020.11.08"]
[Round "5.22"]
[White "Yang, Nathan"]
[Black "Zong, Ivan"]
[Result "1/2-1/2"]
[WhiteElo "1090"]
[BlackElo "715"]
[PlyCount "130"]
[EventDate "2020.11.08"]
[EventType "swiss (rapid)"]
[EventRounds "6"]
[EventCountry "CAN"]

1. d4 d5 2. Bf4 Bf5 3. Nf3 Nc6 4. e3 Nf6 5. Nbd2 e6 6. c3 Bd6 7. Bg3 O-O 8. Ne5
Bxe5 9. dxe5 Ne4 10. Nxe4 dxe4 11. Be2 Qxd1+ 12. Rxd1 Rad8 13. O-O f6 14. exf6
Rxf6 15. Bh4 Rxd1 16. Rxd1 Rg6 17. Bb5 Bg4 18. Rd2 e5 19. Bxc6 Rxc6 20. h3 Be6
21. Bg3 Rc5 22. f4 exf4 23. Bxf4 Bxa2 24. Rd8+ Kf7 25. Rd7+ Kg8 26. Rxc7 Rxc7
27. Bxc7 Kf7 28. Kf2 Ke6 29. Bf4 b5 30. Kg3 Kf5 31. Bb8 a5 32. Kh4 h6 33. g4+
Kf6 34. Kg3 g5 35. Bd6 Kg6 36. h4 h5 37. hxg5 Kxg5 38. gxh5 Kxh5 39. Kf4 Bd5
40. Ke5 Bb7 41. Bc7 a4 42. Kf4 Kg6 43. Bd6 Kf6 44. Be5+ Ke6 45. Bd4 Kd5 46. Kf5
Kc4 47. Ke5 Kb3 48. Kd6 Kxb2 49. Kc5 a3 50. Kxb5 a2 51. c4+ Kb1 52. c5 a1=Q 53.
Bxa1 Kxa1 54. c6 Bc8 55. Kc5 Kb2 56. Kd4 Bf5 57. c7 Kb3 58. c8=Q Bxc8 59. Kxe4
Kc4 60. Ke5 Kc5 61. e4 Bd7 62. Kf6 Kd6 63. e5+ Kc6 64. Ke7 Kd5 65. e6 Bxe6
1/2-1/2

[Event "CAN-ch U10 Online"]
[Site "chess.com"]
[Date "2020.11.08"]
[Round "5.26"]
[White "Brunet, Nicholas"]
[Black "Li, Anthony"]
[Result "0-1"]
[WhiteElo "669"]
[BlackElo "798"]
[PlyCount "92"]
[EventDate "2020.11.08"]
[EventType "swiss (rapid)"]
[EventRounds "6"]
[EventCountry "CAN"]

1. d4 d5 2. Nf3 Nf6 3. e3 e6 4. Nbd2 Nbd7 5. Nb3 Nb6 6. Nc5 Bd6 7. Ng5 h6 8.
Nce4 Nxe4 9. Qh5 Nxg5 10. Bd3 Bd7 11. Bg6 fxg6 12. Qxg6+ Nf7 13. Qxg7 Ke7 14.
e4 Rg8 15. Qh7 Rxg2 16. h4 Qg8 17. Qxg8 Raxg8 18. Rh3 Rg1+ 19. Ke2 dxe4 20.
Bg5+ hxg5 21. Rxg1 e5 22. Rhg3 exd4 23. Rg4 Bxg4+ 24. Rxg4 Bf4 25. h5 Nd5 26.
f3 exf3+ 27. Kxf3 Nb4 28. h6 Nxh6 29. Rg2 Nxa2 30. Re2+ Kd6 31. Re4 Nf5 32. Kg4
Rf8 33. Kh5 c5 34. Kg6 b5 35. Kh7 a5 36. Re2 c4 37. c3 dxc3 38. bxc3 Nxc3 39.
Ra2 a4 40. Ra1 b4 41. Rc1 a3 42. Ra1 a2 43. Rc1 Bxc1 44. Kg6 a1=Q 45. Kh7 Qa7+
46. Kg6 Qf7# 0-1

[Event "CAN-ch U10 Online"]
[Site "chess.com"]
[Date "2020.11.08"]
[Round "6.1"]
[White "Wu, Jonathan"]
[Black "Gao, Justin"]
[Result "0-1"]
[WhiteElo "1895"]
[BlackElo "1243"]
[PlyCount "66"]
[EventDate "2020.11.08"]
[EventType "swiss (rapid)"]
[EventRounds "6"]
[EventCountry "CAN"]

1. d4 d5 2. Bf4 Nf6 3. Nf3 e6 4. e3 c5 5. c3 Nc6 6. Nbd2 Bd7 7. Bd3 Qb6 8. Qb1
Be7 9. O-O c4 10. Bc2 O-O 11. Re1 h6 12. h3 Qd8 13. e4 Ne8 14. e5 f5 15. exf6
Nxf6 16. Ne5 Nxe5 17. dxe5 Nh5 18. Be3 Bg5 19. g3 Bxe3 20. Rxe3 Qg5 21. h4 Qe7
22. Nf3 Rac8 23. Nd4 Qf7 24. f4 Be8 25. f5 Bd7 26. f6 gxf6 27. Bg6 Qg7 28. Bxh5
fxe5 29. Nc2 d4 30. Re4 Qxg3+ 31. Kh1 Bc6 32. Qe1 Rf2 33. Qg1 Bxe4+ 0-1

[Event "CAN-ch U10 Online"]
[Site "chess.com"]
[Date "2020.11.08"]
[Round "6.9"]
[White "Mok, Erwin Jun-Han"]
[Black "Ming, Jerry"]
[Result "0-1"]
[WhiteElo "1118"]
[BlackElo "1511"]
[PlyCount "52"]
[EventDate "2020.11.08"]
[EventType "swiss (rapid)"]
[EventRounds "6"]
[EventCountry "CAN"]

1. d4 d5 2. c4 e6 3. Nc3 Nf6 4. Nf3 Be7 5. Bg5 h6 6. Bh4 O-O 7. e3 b6 8. cxd5
exd5 9. Be2 Bb7 10. O-O Nbd7 11. Qb3 c6 12. Rac1 Re8 13. Bd3 Bd6 14. a4 Qb8 15.
Qc2 c5 16. b3 Ne4 17. Nb5 a6 18. Nxd6 Qxd6 19. Nd2 Nxd2 20. Qxd2 Nf6 21. Bg3
Qc6 22. Rc2 Rac8 23. Rfc1 Nd7 24. dxc5 bxc5 25. Bf5 d4 26. exd4 Qxg2# 0-1